| 000 | 00490nam a2200205Ia 4500 | ||
|---|---|---|---|
| 003 | OSt | ||
| 005 | 20221018145533.0 | ||
| 008 | 210210b1988 xxu||||| |||| 00| 0 eng d | ||
| 040 | _cAL | ||
| 041 | _aEnglish | ||
| 082 | _a530 HALF | ||
| 100 |
_aHALLIDAY (David) & RESNICK (Robert). _959871 |
||
| 245 | _aFundamentals of physics | ||
| 250 | _a3 | ||
| 260 |
_aNY _bJohn Wiley and Sons _c1988 |
||
| 300 | _a1149,A34,14 | ||
| 690 |
_aPhysics _959872 |
||
| 906 | _a042767 | ||
| 942 |
_2ddc _cBK |
||
| 999 |
_c92763 _d92763 |
||